LEADER 01338nam a2200301 a 4500 001 000000120970 003 CaOOAMICUS 005 20100330113201.0 008 100330s2009 fr u000 u fre r 020 $z978-2-35748-037-7 (v. 2)* 020 $z978-2-35748-036-0 (v. 1)* 040 $aPUL$bita$dReb 100 1 $aHude, Henri.$0(OLS)http://pul/name/42095 245 10$aBergson /$cHenri Hude. 260 $aParis :$bArchives Karéline,$c2008. 300 $a2 v. ;$c24 cm 490 1 $aPhilosophie européenne 504 $aIncludono riferimenti bibliografici ed indici. 600 14$aBergson, Henri,$d1859-1941$xFilosofia.$0(OLS)http://pul/subject/1803 830 0$aPhilosophie européenne.$0(OLS)http://pul/title/27670 850 $aPUL 852 $aPUL$W1$xSL Filosofia 3$y81$m194 HUDHE 1.1$j138697$av.1$qDDC 21$B137937$CPULBib$Z2$F137937 $H113139 $82 852 $aPUL$W1$xSL Filosofia 3$y81$m194 HUDHE 1.2$j138698$av.2$qDDC 21$B137938$CPULBib$Z2$F137938 $H113140 $82 941 1 $a9 996 $6020$z978-2-35748-037-7 (v. 2)*$9(OLS)http://pul/number/143711 996 $6020$z978-2-35748-036-0 (v. 1)*$9(OLS)http://pul/number/143710 996 $6245$aBergson$9(OLS)http://pul/title/87543 996 $6260$aParis :$bArchives Karéline$9(OLS)http://pul/publisher/81257 LEADER 01213nam a2200313 a 4500 001 000000123689 003 CaOOAMICUS 005 20101111101247.0 008 101111t1985 it u000 u ita r 020 $a88-372-1242-9 040 $aPUL$bita 041 1 $aita$hger 100 1 $aWust, Peter.$0(OLS)http://pul/name/76224 240 10$aUngewissheit und Wagnis.$lItaliano.$0(OLS)http://pul/title/155899 245 10$aIncertezza e rischio /$cPeter Wust ; introduzione di Bruno Belletti. 250 $a3. ed. 260 $aBrescia :$bMorcelliana,$c©1985. 300 $a315 p. ;$c20 cm 490 1 $aReprints 650 4$aFilosofia e religione$ySec. XX.$0(OLS)http://pul/subject/27722 700 1 $aBelletti, Bruno.$0(OLS)http://pul/name/63063 830 0$aReprints (Morcelliana).$0(OLS)http://pul/title/66368 850 $aPUL 852 $aPUL$W1$xDP1 Filosofia 1$y19$m590 H 38$j142439$qStampati$B141395$CPULBib$Z2$F141395 $H53799 $82 941 1 $a8 996 $6020$a88-372-1242-9$9(OLS)http://pul/number/145868 996 $6245$aIncertezza e rischio$9(OLS)http://pul/title/155898 996 $6260$aBrescia :$bMorcelliana$9(OLS)http://pul/publisher/47854